| 000 -ლიდერი |
| ფიქსირებული სიგრძის საკონტროლო ველი |
01828nam a2200289Ia 4500 |
| 001 - საკონტროლო ნომერი |
| საკონტროლო ველი |
13108 |
| 003 - საკონტროლო ნომრის იდენტიფიკატორი |
| საკონტროლო ველი |
GE_BSU |
| 005 - ბოლო ოპერაციის თარიღი და დრო |
| საკონტროლო ველი |
20240820173149.0 |
| 008 - ფიქსირებული სიგრძის მონაცემთა ელემენტები - ზოგადი ინფორმაცია |
| ფიქსირებული სიგრძის საკონტროლო ველი |
181216s2013||||ge |||||||||||||| ||geo|| |
| 020 ## - წიგნის საერთაშორისო სტანდარტული ნომერი |
| International Standard Book Number |
978-9941-5368-9 |
| 040 ## - კატალოგიზაციის წყარო |
| Transcribing agency |
GE_BSU |
| 041 ## - ენის კოდი |
| Language code of text/sound track or separate title |
geo |
| 080 ## - უნივერსალური ათობითი კლასიფიკაციის ინდექსი |
| Universal Decimal Classification number |
31:338(479.22) + 314.114(479.22) + 316.42(479.22) გ-21 |
| 100 ## - მთავარი ჩანაწერი - პიროვნების სახელი |
| Personal name |
გასმანი, ფრანჩესკა |
| 9 (RLIN) |
23093 |
| 245 ## - ცნობა სათაურის შესახებ |
| Title |
ეკონომიკური და სოციალური მოწყვლადობა საქართველოში / |
| Statement of responsibility, etc |
ფრანჩესკა გასმანი, გიორგი ბერულავა, მიხეილ თოქმაზიშვილი ; რედ. ხათუნა ღლონტი ; გაეროს განვითარების პროგრამა საქართველოში. |
| 264 ## - წარმოების, გამოცემის, დისტრიბუციის და სხვა ცნობები |
| გამოცემის, წარმოების, დისტრიბუციის... ადგილი |
თბილისი : |
| გამოცემის, წარმოების, დისტრიბუციის... სახელწოდება |
სეზანი, |
| გამოცემის, წარმოების, დისტრიბუციის... თარიღი |
2013. |
| 300 ## - ფიზიკური აღწერა |
| Extent |
160 გვ. : |
| Other physical details |
გრაფ., ცხრ. ; |
| Dimensions |
29 სმ. |
| 500 ## - ზოგადი შენიშვნა |
| General note |
დაბეჭდილია საქართველოში
|
| 500 ## - ზოგადი შენიშვნა |
| General note |
დანართი : გვ. 117-155
|
| 504 ## - BIBLIOGRAPHY, ETC. NOTE |
| Bibliography, etc |
ბიბლიოგრ. : გვ. 156-160 |
| 653 ## - INDEX TERM--UNCONTROLLED |
| Uncontrolled term |
ეკონომიკური და სოციალური მოწყვლადობა საქართველოში |
| 700 ## - ADDED ENTRY--PERSONAL NAME |
| Personal name |
ბერულავა, გიორგი |
| Relator term |
ავტორი |
| 9 (RLIN) |
23094 |
| 700 ## - ADDED ENTRY--PERSONAL NAME |
| Personal name |
თოქმაზიშვილი, მიხეილ |
| Relator term |
ავტორი |
| 9 (RLIN) |
23095 |
| 700 ## - ADDED ENTRY--PERSONAL NAME |
| Personal name |
ღლონტი, ხათუნა |
| Relator term |
რედაქტორი |
| 9 (RLIN) |
23096 |
| 710 ## - ADDED ENTRY--CORPORATE NAME |
| Corporate name or jurisdiction name as entry element |
გაეროს განვითარების პროგრამა საქართველოში |
| 9 (RLIN) |
23097 |
| 942 ## - ADDED ENTRY ELEMENTS (KOHA) |
| Koha item type |
წიგნი |
| Source of classification or shelving scheme |
|